LEADER 01103nam a2200265 i 4500 001 000000110540 003 CaOOAMICUS 005 20250516124159.0 008 021205s1989 gw u000 u ger u 013 $a83221 020 $a3-7867-1438-X 020 $a3-506-74531-X 040 $aSeMil$bita 100 1 $aGuardini, Romano,$d<1885-1968>.$0(OLS)http://semarc/name/3002 245 10$aReligiöse Gestalten in Dostojewskijs Werk :$bStudien über den Glauben /$cRomano Guardini. 250 $a7. Aufl. 300 $a316 p. ;$c22 cm. 773 0 $aGuardini, Romano <1885-1968>$tWerke.$dMainz : Matthias Grünewald ; Paderborn : Ferdinand Schöningh, 19-?.$w()8065 850 $aSeMil 852 $aSeMil$W1$xVenegono$y1$m2LL III 41$j257081$B66419$CSeMilBibl$Z2$F77277 $81 961 $aOmaggio: Martini Card. Carlo Maria 996 $6020$a3-7867-1438-X$9(OLS)http://semarc/number/92336 996 $6020$a3-506-74531-X$9(OLS)http://semarc/number/92337 996 $6245$aReligiöse Gestalten in Dostojewskijs Werk :$bStudien über den Glauben$9(OLS)http://semarc/title/160700 LEADER 01303nam a2200313 i 4500 001 000000169556 003 CaOOAMICUS 005 20260116144934.0 008 180116s2007 it u000 u ita u 013 $a146959 020 $a978-88-372-2074-7 040 $aSeMil$bita 100 1 $aRicoeur, Paul,$d<1913-2005>.$0(OLS)http://semarc/name/675 240 10$aRicoeur : l'etica e le etiche.$0(OLS)http://semarc/title/242488 245 10$aEtica e morale /$cPaul Ricoeur. 260 $aBrescia :$bMorcelliana,$c2007. 300 $a115 p. ;$c20 cm. 490 0 $aIl pellicano rosso. Nuova serie ;$v35 500 $aRaccolta di scritti pubblicati dal 1975 al 2000 650 4$aEtica e morale.$0(OLS)http://semarc/subject/612 700 1 $aJervolino, Domenico,$d<1946-2018>.$0(OLS)http://semarc/name/90611 830 3$aIl pellicano rosso. Nuova serie ;$v35.$0(OLS)http://semarc/title/11366 850 $aSeMil 852 $aSeMil$W1$xVenegono$y1$m2LA V 35$j266164$B120487$CSeMilBibl$Z2$F131882 $81 961 $aRecupero: Seminario di Seveso 996 $6020$a978-88-372-2074-7$9(OLS)http://semarc/number/156441 996 $6245$aEtica e morale$9(OLS)http://semarc/title/205817 996 $6260$aBrescia :$bMorcelliana$9(OLS)http://semarc/publisher/29629